000 00421pam a2200145 a 4500
020 _a9780323053426
_c
041 _aeng
082 _a617.3
_bSHA
100 _aSHARMANA C SHARMANA S.A. .
245 _aMOVEMENT SYSTEM IMPAIRMENT SYNDRROMES OF THE EXTREMITIES CERVICAL AND THORACIC SPINE
_hTextual Documents
260 _bELSEVIER CHIRCHILL
_c2011
300 _a547:
_bXVI;
_cHB.
930 _a7618
999 _c802145
_d802145
650 _aORTHO